000 00841nam a2200253Ia 4500
003 OSt
005 20220923220234.0
006 a|||||r|||| 00| 0
007 ta
008 220922b |||||||| |||| 00| 0 hin d
024 _a185,335
037 _cTextual
040 _aARTS
_cARTS
_bhin
041 _2hin
_ahin
082 _aO152,2xN7, M7
100 _aविष्णु प्रभाकर, संपा.
245 0 _aसमकालीन लघु नाटक
246 _aSamakālīn laghu nāṭaka
260 _aदिल्ली
_b प्रभात प्रकाशन
_c1987
300 _a283 पृ.
_ccm.
650 _aहिन्दी साहित्य
_9156264
942 _hO152,2xN7, M7
_cTEXL
_2CC
999 _c338581
_d338581